Statistics for Guess Where The Rapper Was Born

Click here to take the quiz!

General Stats

  • This quiz has been taken 40 times
  • The average score is 12 of 16

Answer Stats

RapperPlace% Correct
NasNew York
98%
Jay-ZNew York
98%
A$AP RockyNew York
98%
Lil TjayNew York
98%
Kanye WestChicago
93%
Polo GChicago
93%
BluefaceLos Angeles
78%
Kendrick LamarLos Angeles
78%
DrakeToronto
75%
MigosAtlanta
73%
Travi$ ScottHouston
68%
EminemDetroit
65%
Lil Uzi VertPhiladelphia
58%
Meek MillPhiladelphia
58%
Lil WayneNew Orleans
50%
21 SavageLondon
48%

Score Distribution

Percentile by Number Answered

Percent of People with Each Score

Your Score History

You have not taken this quiz